| 000 | 00374 a2200121 4500 | ||
|---|---|---|---|
| 020 | _a0071350047 | ||
| 082 | _a519.2076 SPI | ||
| 100 | _aSpiegel, Murray R. | ||
| 245 |
_aProbability and Statistics _cMurray R. Spiegel, John Schiller, R. Alu Srinivasan |
||
| 250 | _a2 nd ed. | ||
| 260 |
_aNew York : _bMcGraw Hill, _c2000 |
||
| 300 |
_avii, 408p. : _bill ., ; _c30 cm |
||
| 650 | _aProbability and Statistics | ||
| 999 |
_c541 _d541 |
||